Ibn Zuhr : ahli perubatan dan pakar jantung

Bibliographic Details
Main Author: Shafie Abdul Rahman
Other Authors: Title
Format: Book
Published: Selangor : Hijjaz Records Publishing , 2019
Subjects:

MARC

LEADER 00000cam a2200000 7i4500
001 0000087361
005 20230125101545.0
008 220207
020 |a 9789672278108 
041 0 |a Malay 
090 0 0 |a 922.97   |b SHA 
100 0 |a Shafie Abdul Rahman 
245 1 0 |a Ibn Zuhr :   |b ahli perubatan dan pakar jantung   |c Shafie Abdul Rahman 
260 |a Selangor :   |b Hijjaz Records Publishing ,   |c 2019 
300 |a 385 p. ;   |c 21.3 cm. 
541 0 |a Purchased on 2021   |f 1810 AKIZ   |h RM29.90 
650 0 |a Ibn Zuhr   |x Biography 
650 0 |a Medical scientists   |x Biography 
650 0 |a Scholars   |x Muslim 
700 1 |a Title 
999 |a 0001671601   |b Book   |c Adult Collection   |e Perbadanan Perpustakaan Awam Johor 
999 |a 0001671602   |b Book   |c Adult Collection   |e Cawangan Urban Transformation Centre 
999 |a 0001671603   |b Book   |c Adult Collection   |e Cawangan AEON Kulaijaya 
999 |a 0001671825   |b Book   |c Adult Collection   |e Cawangan Bandar Penawar 
999 |a 0001671826   |b Book   |c Adult Collection   |e Cawangan Mersing 
999 |a 0001671827   |b Book   |c Adult Collection   |e Cawangan Taman Sri Lambak 
999 |a 0001671828   |b Book   |c Acts   |e Cawangan Pontian 
999 |a 0001671829   |b Book   |c Adult Collection   |e Cawangan Bandar Tenggara 
999 |a 0001671830   |b Book   |c Adult Collection   |e Cawangan Segamat 
999 |a 0001671831   |b Book   |c Adult Collection   |e Cawangan Bukit Gambir 
999 |a 0001671832   |b Book   |c Adult Collection   |e Cawangan Tangkak 
999 |a 0001671833   |b Book   |c Adult Collection   |e Cawangan Muar 
999 |a 0001671834   |b Book   |c Adult Collection   |e Cawangan Kota Tinggi 
999 |a 0001671835   |b Book   |c Adult Collection   |e Cawangan Batu Pahat 
999 |a 0001671836   |b Book   |c Adult Collection   |e Cawangan Tmn. Ungku Tun Aminah